ENTERPRISE RISK MANAGEMENT AND COSO A GU (Record no. 16062)

MARC details
000 -LEADER
fixed length control field 00363nam a2200133Ia 4500
008 - FIXED-LENGTH DATA ELEMENTS--GENERAL INFORMATION
fixed length control field 240624s9999 xx 000 0 und d
041 ## - LANGUAGE CODE
Language code of text/sound track or separate title eng
082 ## - DEWEY DECIMAL CLASSIFICATION NUMBER
Classification number 658.155 CEN
100 ## - MAIN ENTRY--PERSONAL NAME
Personal name CENDROWSKI HARRY
245 ## - TITLE STATEMENT
Title ENTERPRISE RISK MANAGEMENT AND COSO A GU
260 ## - PUBLICATION, DISTRIBUTION, ETC.
Date of publication, distribution, etc. 2009
Place of publication, distribution, etc. New Jersey
Name of publisher, distributor, etc. John Wiley and Sons
300 ## - PHYSICAL DESCRIPTION
Extent xv, : 335 : p. : cm. ; 23
365 ## - TRADE PRICE
Currency code
Price amount 20
Holdings
Withdrawn status Lost status Damaged status Not for loan Home library Current library Shelving location Date acquired Source of acquisition Cost, normal purchase price Full call number Barcode Date last seen Copy number Price effective from Koha item type
        IMTN IMTN Rack 25-A 12/15/2010 WBD 74.95 658.155 CEN 16062 06/24/2024 47.4 06/24/2024 Books
Designed & Maintained by: LRC IMT Nagpur Contact: lrc@imtnag.ac.in© 2024. All Rights Reserved.